<?xml version="1.0" encoding="UTF-8"?>
<record
    xmlns:xsi="http://www.w3.org/2001/XMLSchema-instance"
    xsi:schemaLocation="http://www.loc.gov/MARC21/slim http://www.loc.gov/standards/marcxml/schema/MARC21slim.xsd"
    xmlns="http://www.loc.gov/MARC21/slim">

  <leader>02917nam a2200337 i 4500</leader>
  <controlfield tag="003">DO-SdBNP</controlfield>
  <controlfield tag="005">20250919112547.0</controlfield>
  <controlfield tag="007">ta</controlfield>
  <controlfield tag="008">240209s2023    dr co         000 j spa d</controlfield>
  <datafield tag="020" ind1=" " ind2=" ">
    <subfield code="a">9789945643831</subfield>
  </datafield>
  <datafield tag="040" ind1=" " ind2=" ">
    <subfield code="a">DO-SdBNP</subfield>
    <subfield code="b">spa</subfield>
    <subfield code="c">BNPHU</subfield>
    <subfield code="e">rda</subfield>
  </datafield>
  <datafield tag="082" ind1=" " ind2="4">
    <subfield code="b">T822</subfield>
    <subfield code="2">22</subfield>
  </datafield>
  <datafield tag="110" ind1="1" ind2=" ">
    <subfield code="a">Rep&#xFA;blica Dominicana.</subfield>
    <subfield code="b">Corte de Constitucionalidad </subfield>
    <subfield code="9">71191</subfield>
  </datafield>
  <datafield tag="245" ind1="1" ind2="0">
    <subfield code="a">Mujeres de la historia dominicana :</subfield>
    <subfield code="b">un homenaje /</subfield>
    <subfield code="c">comisi&#xF3;n Alba Luisa Beard Marcos, Manuel Ulises Bonnelly Vega, Mar&#xED;a del Carmen Santana de Cabrera, Jos&#xE9; Alejandro Vargas Guerrero, Eunisis V&#xE1;squez Acosta</subfield>
  </datafield>
  <datafield tag="264" ind1=" " ind2="1">
    <subfield code="a">Santo Domingo :</subfield>
    <subfield code="b">Tribunal Constitucional,</subfield>
    <subfield code="c">2023.</subfield>
  </datafield>
  <datafield tag="300" ind1=" " ind2=" ">
    <subfield code="a">148 p&#xE1;ginas,  </subfield>
    <subfield code="b">retratos, fotograf&#xED;as</subfield>
    <subfield code="c">29 cm.</subfield>
  </datafield>
  <datafield tag="336" ind1=" " ind2=" ">
    <subfield code="2">rdacontent</subfield>
    <subfield code="a">texto</subfield>
    <subfield code="b">txt</subfield>
  </datafield>
  <datafield tag="337" ind1=" " ind2=" ">
    <subfield code="2">rdamedia</subfield>
    <subfield code="a">sin mediaci&#xF3;n </subfield>
    <subfield code="b">n</subfield>
  </datafield>
  <datafield tag="338" ind1=" " ind2=" ">
    <subfield code="2">rdacarrier</subfield>
    <subfield code="a">volumen</subfield>
    <subfield code="b">nc</subfield>
  </datafield>
  <datafield tag="500" ind1=" " ind2=" ">
    <subfield code="a">Libro de pasta dura.</subfield>
  </datafield>
  <datafield tag="504" ind1=" " ind2=" ">
    <subfield code="a">Incluye referencias bibliogr&#xE1;ficas. </subfield>
  </datafield>
  <datafield tag="505" ind1="0" ind2=" ">
    <subfield code="t">Palabras de presentaci&#xF3;n del magistrado presidente Dr. Milton Ray Guevara --</subfield>
    <subfield code="t">Introducci&#xF3;n --</subfield>
    <subfield code="t">Comisi&#xF3;n de igualdad de g&#xE9;nero del Tribunal Constitucional --</subfield>
    <subfield code="g">Hero&#xED;nas nacionales --</subfield>
    <subfield code="t">Ana Valverde --</subfield>
    <subfield code="t">Patria, Minerva y Mar&#xED;a Teresa Mirabal --</subfield>
    <subfield code="t">Josefa Antonia P&#xE9;rez de la Paz --</subfield>
    <subfield code="t">Juana de la Merced Trinidad (Juana Saltitopa) --</subfield>
    <subfield code="t">Manuela D&#xED;ez y Jim&#xE9;nez --</subfield>
    <subfield code="t">Mar&#xED;a Baltasara de los Reyes --</subfield>
    <subfield code="t">Mar&#xED;a de la Concepci&#xF3;n Bona y Hern&#xE1;ndez --</subfield>
    <subfield code="t">Mar&#xED;a Trinidad S&#xE1;nchez --</subfield>
    <subfield code="t">Rosa Protom&#xE1;rtir Duarte y D&#xED;ez --</subfield>
    <subfield code="g">Defensa y promoci&#xF3;n de los derechos de las mujeres --</subfield>
    <subfield code="t">Ana Emilia Abiga&#xED;l Mej&#xED;a Soliere --</subfield>
    <subfield code="t">Petronila Ang&#xE9;lica G&#xF3;mez --</subfield>
    <subfield code="g">Humanidades: educaci&#xF3;n, filosof&#xED;a, historia, literatura --</subfield>
    <subfield code="t">A&#xED;da Cartagena Portalat&#xED;n --</subfield>
    <subfield code="t">Ambrosia Ercilia Pep&#xED;n Estrella (Ercilia Pep&#xED;n) --</subfield>
    <subfield code="t">Esthervina Matos P&#xE9;rez --</subfield>
    <subfield code="t">Francisca Amelia de Marchena S&#xE1;nchez (Amelia Francasci) --</subfield>
    <subfield code="t">Hilma Contreras --</subfield>
    <subfield code="t">Salom&#xE9; Ure&#xF1;a --</subfield>
    <subfield code="t">Socorro S&#xE1;nchez --</subfield>
    <subfield code="g">Salud --</subfield>
    <subfield code="t">Andrea Evangelina Rodr&#xED;guez Perozo --</subfield>
    <subfield code="g">Ciencias jur&#xED;dicas y pol&#xED;ticas --</subfield>
    <subfield code="t">Altagracia M&#xE9;lida Fr&#xF3;meta Pereyra --</subfield>
    <subfield code="t">Ana Teresa Paradas S&#xE1;nchez --</subfield>
    <subfield code="t">Carmen Josefina Lora Iglesias (Piky Lora) --</subfield>
    <subfield code="t">Isabel Mayer --</subfield>
    <subfield code="t">Ivelisse Prats Ram&#xED;rez --</subfield>
    <subfield code="t">Josefa S&#xE1;nchez de Gonz&#xE1;lez --</subfield>
    <subfield code="t">Milady F&#xE9;lix de L&#xB4;Official --</subfield>
    <subfield code="g">Arte y cultura --</subfield>
    <subfield code="t">Altagracia Casandra Damir&#xF3;n --</subfield>
    <subfield code="t">Mar&#xED;a &#xC1;frica Gracia Vidal de Santo Silas (Mar&#xED;a Montez) --</subfield>
    <subfield code="g">Deporte --</subfield>
    <subfield code="t">Divina Estrella --</subfield>
    <subfield code="t">Teresa Dur&#xE1;n --</subfield>
    <subfield code="g">Labor social --</subfield>
    <subfield code="t">Florinda Soriano (Mama Ting&#xF3;) --</subfield>
    <subfield code="t">Mar&#xED;a Altagracia P&#xE9;rez Pntado (Mary P&#xE9;rez de Marranzini) --</subfield>
    <subfield code="t">Rosa Emilia S&#xE1;nchez de Tavares /</subfield>
  </datafield>
  <datafield tag="590" ind1=" " ind2=" ">
    <subfield code="a">Inventariado, 2024/ YL</subfield>
  </datafield>
  <datafield tag="700" ind1="1" ind2=" ">
    <subfield code="a">Beard Marcos, Alba Luisa </subfield>
    <subfield code="e">comisi&#xF3;n </subfield>
    <subfield code="9">84886</subfield>
  </datafield>
  <datafield tag="700" ind1="1" ind2=" ">
    <subfield code="a">Bonnelly Vega, Manuel Ulises </subfield>
    <subfield code="e">comisi&#xF3;n </subfield>
    <subfield code="9">84887</subfield>
  </datafield>
  <datafield tag="700" ind1="1" ind2=" ">
    <subfield code="a">Santana de Cabrera, Mar&#xED;a del Carmen </subfield>
    <subfield code="e">comisi&#xF3;n </subfield>
    <subfield code="9">84888</subfield>
  </datafield>
  <datafield tag="700" ind1="1" ind2=" ">
    <subfield code="a">Vargas Guerrero, Jos&#xE9; alejandro </subfield>
    <subfield code="e">comisi&#xF3;n </subfield>
    <subfield code="9">84889</subfield>
  </datafield>
  <datafield tag="700" ind1="1" ind2=" ">
    <subfield code="a">V&#xE1;squez Acosta, Eunisis</subfield>
    <subfield code="e">comisi&#xF3;n </subfield>
    <subfield code="9">84890</subfield>
  </datafield>
  <datafield tag="910" ind1=" " ind2=" ">
    <subfield code="a">YLockward</subfield>
  </datafield>
  <datafield tag="942" ind1=" " ind2=" ">
    <subfield code="2">ddc</subfield>
    <subfield code="c">LBS1</subfield>
  </datafield>
  <datafield tag="952" ind1=" " ind2=" ">
    <subfield code="0">0</subfield>
    <subfield code="1">0</subfield>
    <subfield code="2">ddc</subfield>
    <subfield code="5">1</subfield>
    <subfield code="7">0</subfield>
    <subfield code="8">PD</subfield>
    <subfield code="a">BNPHU</subfield>
    <subfield code="b">BNPHU</subfield>
    <subfield code="c">CT</subfield>
    <subfield code="d">2023-10-10</subfield>
    <subfield code="e">Tribunal Constitucional</subfield>
    <subfield code="l">0</subfield>
    <subfield code="o">BNPHU PD T822</subfield>
    <subfield code="p">2024-0928</subfield>
    <subfield code="r">2024-02-09</subfield>
    <subfield code="w">2024-02-09</subfield>
    <subfield code="y">LBS1</subfield>
  </datafield>
  <datafield tag="952" ind1=" " ind2=" ">
    <subfield code="0">0</subfield>
    <subfield code="1">0</subfield>
    <subfield code="2">ddc</subfield>
    <subfield code="5">1</subfield>
    <subfield code="7">0</subfield>
    <subfield code="8">PD</subfield>
    <subfield code="a">BNPHU</subfield>
    <subfield code="b">BNPHU</subfield>
    <subfield code="c">CT</subfield>
    <subfield code="d">2023-10-10</subfield>
    <subfield code="e">Tribunal Constitucional</subfield>
    <subfield code="l">0</subfield>
    <subfield code="o">BNPHU PD T822</subfield>
    <subfield code="p">2024-0929</subfield>
    <subfield code="r">2024-02-09</subfield>
    <subfield code="t">e. 2</subfield>
    <subfield code="w">2024-02-09</subfield>
    <subfield code="y">LBS1</subfield>
  </datafield>
  <datafield tag="952" ind1=" " ind2=" ">
    <subfield code="0">0</subfield>
    <subfield code="1">0</subfield>
    <subfield code="2">ddc</subfield>
    <subfield code="5">6</subfield>
    <subfield code="7">0</subfield>
    <subfield code="8">DS</subfield>
    <subfield code="a">BNPHU</subfield>
    <subfield code="b">BNPHU</subfield>
    <subfield code="c">CT</subfield>
    <subfield code="d">2023-10-10</subfield>
    <subfield code="e">Tribunal Constitucional</subfield>
    <subfield code="l">0</subfield>
    <subfield code="o">BNPHU DS T822</subfield>
    <subfield code="p">2024-0930</subfield>
    <subfield code="r">2024-02-09</subfield>
    <subfield code="t">e. 3</subfield>
    <subfield code="w">2024-02-09</subfield>
    <subfield code="y">LBS1</subfield>
  </datafield>
  <datafield tag="952" ind1=" " ind2=" ">
    <subfield code="0">0</subfield>
    <subfield code="1">0</subfield>
    <subfield code="2">ddc</subfield>
    <subfield code="5">6</subfield>
    <subfield code="7">0</subfield>
    <subfield code="8">DS</subfield>
    <subfield code="a">BNPHU</subfield>
    <subfield code="b">BNPHU</subfield>
    <subfield code="c">CT</subfield>
    <subfield code="d">2024-01-08</subfield>
    <subfield code="e">Tribunal Constitucional</subfield>
    <subfield code="l">0</subfield>
    <subfield code="o">BNPHU DS T822</subfield>
    <subfield code="p">2024-0932</subfield>
    <subfield code="r">2024-02-09</subfield>
    <subfield code="t">e. 4</subfield>
    <subfield code="w">2024-02-09</subfield>
    <subfield code="y">LBS1</subfield>
  </datafield>
  <datafield tag="952" ind1=" " ind2=" ">
    <subfield code="0">0</subfield>
    <subfield code="1">0</subfield>
    <subfield code="2">ddc</subfield>
    <subfield code="5">6</subfield>
    <subfield code="7">0</subfield>
    <subfield code="8">DS</subfield>
    <subfield code="a">BNPHU</subfield>
    <subfield code="b">BNPHU</subfield>
    <subfield code="c">CT</subfield>
    <subfield code="d">2024-01-08</subfield>
    <subfield code="e">Tribunal Constitucional</subfield>
    <subfield code="l">0</subfield>
    <subfield code="o">BNPHU DS T822</subfield>
    <subfield code="p">2024-0933</subfield>
    <subfield code="r">2024-02-09</subfield>
    <subfield code="t">e. 5</subfield>
    <subfield code="w">2024-02-09</subfield>
    <subfield code="y">LBS1</subfield>
  </datafield>
  <datafield tag="999" ind1=" " ind2=" ">
    <subfield code="c">55888</subfield>
    <subfield code="d">55888</subfield>
  </datafield>
</record>
